[Event "GBR-ch 108th"]
[Site "Torquay"]
[Date "2022.08.16"]
[Round "4"]
[White "Payne, Matthew"]
[Black "Rudd, Jack"]
[Result "0-1"]
[WhiteElo "2155"]
[BlackElo "2318"]
[PlyCount "72"]
[EventDate "2022.08.13"]
[EventType "swiss"]
[EventRounds "9"]
[EventCountry "ENG"]
[SourceTitle "CBM 209 Extra"]
[Source "ChessBase"]
[SourceDate "2022.09.30"]
[SourceVersion "1"]
[SourceVersionDate "2022.09.30"]
[SourceQuality "1"]

1. e4 c6 2. d4 d5 3. e5 c5 4. dxc5 e6 5. a3 Bxc5 6. b4 Bb6 7. Nf3 Nc6 8. Bb2 Nge7 9. Bd3 Ng6 10. 0-0 Bd7 11. Re1 a6 12. Nbd2 0-0 13. c4 Nce7 14. c5 Bc7 15. g3 b6 16. h4 bxc5 17. h5 c4 18. Bb1 Nh8 19. Ng5 g6 20. Qg4 Nf5 21. Nde4 dxe4 22. Nxe4 Kg7 23. Nf6 Nh6 24. Qf4 Ng8 25. Rd1 Bc6 26. Rxd8 Raxd8 27. Be4 Bxe4 28. Nxe4 gxh5 29. Qg5+ Ng6 30. Nf6 Nxf6 31. exf6+ Kh8 32. Qh6 Rg8 33. Kf1 Rd5 34. Rc1 Be5 35. Bxe5 Nxe5 36. f4 Ng4 0-1